Normal view
MARC view
- الاحداث - انحراف
Entry Topical Term
001 - CONTROL NUMBER
- control field: 39029
003 - CONTROL NUMBER IDENTIFIER
- control field: JO-AjAnu
005 - DATE AND TIME OF LATEST TRANSACTION
- control field: 20230606080508.0
008 - FIXED-LENGTH DATA ELEMENTS
- fixed length control field: 230606|| aca||aabn | a|a d
040 ## - CATALOGING SOURCE
- Original cataloging agency: JO-AjAnu
- Transcribing agency: JO-AjAnu
150 ## - HEADING--TOPICAL TERM
- Topical term or geographic name entry element: الاحداث - انحراف
670 ## - SOURCE DATA FOUND
- Source citation: Work cat.: (JO-AjAnu)20016: اسماعيل، عزت سيد ...وآخروون؛ تحرير عزت سيد اسماعيل, author 39028, جنوح الاحداث